000 01015naa a22002777a 4500
001 BR7600462
003 BR-BrBNA
005 20240918173807.0
007 ta
008 230509b bl.||||| |||| 00| 0 por d
040 _aBR-BrBNA
_bpor
_cBiblioteca Nacional de Agricultura
041 _a(Pt)
072 _aH20
_b0150
_b4120
_bG514
090 _aH20 BR7600462
100 1 _aBrod, C.G.
111 1 _a5. Reuniao Geral da Cultura do Arroz EMBRAPA-IRGA
_cCachoeirinha, RS (Brazil)
_d11 Aug 1975
245 1 _aEstudo de resistencia a carie [Tilletia sp.; Arroz; Brasil]
260 3 _aBrasilia, DF (Brasil):
_c1975.
500 _aAnais da 5. Reuniao Geral da Cultura do Arroz EMBRAPA-IRGA Brasilia, DF (Brasil): 1975. p. 50-51 (BR7600462-AM)H20
650 _aARROZ
650 _aCARIE
650 _aRIO GRANDE DO SUL
773 0 _tAnais da 5. Reuniao Geral da Cultura do Arroz EMBRAPA-IRGA
_wH20 BR7600462
_gBrasilia, DF (Brasil), 1975. p. 50-51
909 _a202404
_bLucia
_c55
_dLucia Elande
942 _cAM
_2AGRIS
999 _c306960
_d306960